|
|
|
|
| LEADER |
00903nam a22002057a 4500 |
| 008 |
110413t xxu||||| |||| 00| 0 eng d |
| 020 |
|
|
|a 0803931514
|a 0803931522
|
| 040 |
|
|
|a BD-DhAAL
|c BD-DhAAL
|
| 082 |
|
|
|2 22
|a 658.3/14
|
| 100 |
|
|
|a Brinkerhoff, Robert O.
|9 1130
|
| 245 |
|
|
|a Productivity measeurement
|b :a guide for managers and evaluators
|c /Robert O. Brinkerhoff and Denies E. Dessler
|
| 260 |
|
|
|a London
|b :Sage Publications
|c ,1990
|
| 300 |
|
|
|a 127
|b :ill.
|c ;24 cm.
|
| 440 |
|
|
|a Applied Social Research Methods Series
|v 19
|9 1131
|
| 500 |
|
|
|a Includes bibligraphical references (p.125-127) and index.
|
| 650 |
|
|
|9 1132
|b Industrial Productivity
|e Measurement
|
| 700 |
|
|
|a Dressler, Dennis E.
|9 1133
|
| 942 |
|
|
|2 ddc
|c BK
|
| 999 |
|
|
|c 10698
|d 10698
|
| 952 |
|
|
|0 0
|1 0
|2 ddc
|4 0
|6 658_314000000000000_BRI
|7 0
|9 17857
|a BRACUL
|b BRACUL
|c GEN
|d 2011-08-16
|l 2
|m 1
|o 658.314 BRI
|p 3010005895
|r 2024-10-31
|s 2024-10-31
|t 1
|w 2011-08-16
|y BK
|